Cases in Strategic Mgt. (Record no. 1535)

MARC details
000 -LEADER
fixed length control field 00424nam a22001697a 4500
005 - DATE AND TIME OF LATEST TRANSACTION
control field 20180820143906.0
008 - FIXED-LENGTH DATA ELEMENTS--GENERAL INFORMATION
fixed length control field 160524b xxu||||| |||| 00| 0 eng d
020 ## - INTERNATIONAL STANDARD BOOK NUMBER
ISBN 0-07-462097-5
041 ## - LANGUAGE CODE
Language code of text/sound track or separate title eng
082 ## - DEWEY DECIMAL CLASSIFICATION NUMBER
Item number 4579
Classification number 658.4012
100 ## - MAIN ENTRY--AUTHOR NAME
Personal name Budhiraja,& Others
245 ## - TITLE STATEMENT
Title Cases in Strategic Mgt.
260 ## - PUBLICATION, DISTRIBUTION, ETC. (IMPRINT)
Place of publication New Delhi
Name of publisher Academic Faundation
Year of publication 2004
300 ## - PHYSICAL DESCRIPTION
Number of Pages 410p,
650 ## - SUBJECT ADDED ENTRY--TOPICAL TERM
Topical Term Management
942 ## - ADDED ENTRY ELEMENTS (KOHA)
Koha item type Books
Holdings
Lost status Damaged status Collection code Home library Current library Shelving location Date acquired Full call number Accession Number Koha item type
    MANAGEMENT JRU Library JRU Library SHELF-64-K 24/05/2016 658.4012 4579 Books
    MANAGEMENT JRU Library JRU Library SHELF-64-K 24/05/2016 658.4012 4580 Books
    MANAGEMENT JRU Library JRU Library SHELF-64-K 24/05/2016 658.4012 4581 Books